000 00378nam a2200133Ia 4500
008 220217s9999||||xx |||||||||||||| ||und||
020 _a981-406625-7
082 _a005.13 SCO
100 _aScott, Michael, L
_93437
245 0 _aProgramming language pragmatics
260 _aHercourt asia privete Ltd.
_bSingapore
_c2000
300 _b375
650 _aPROGRAMMING LANGUAGE
999 _c171906
_d171906